000 00600nam a22001937a 4500
005 20251108172352.0
008 250721s1993 xx 000 0 ara d
082 1 4 _a301.42/خشا
100 1 _aالخشاب، سامية مصطفى
245 1 0 _aالنظرة الإجتماعية و دراسة الأسرة /
250 _aط2 . ، مزيدة
264 1 _aالقاهرة :
_bدار المعارف،
_c1993.
300 _a300ص
490 0 _aسلسلة علم الإجتماع المعاصر ؛ 52
650 1 7 _aالأسرة
650 1 7 _aالزواج
942 _2ddc
_cBK
999 _c77474
_d77474